00734cam a2200157 4500008004100000020001500041035001200056245020800068250001100276260009700287300002000384440002400404650002700428650004400455710007700499070124s1998 mx 000 0 spa u a968496322X aa45867300aManantiales, ríos, pueblos y haciendas : b dos documentos sobre conflictos por aguas en Oaxtepec y en el valle de Cuernavaca d (1795-1807) / c Brígida von Mentz, R. Marcela Pérez López, comps. a1a ed. aMéxico :bCentro de Investigaciones y Estudios Superiores en Antropología Social, c1998 a263 p.;c16 cm. 0aBiblioteca del Agua 4aTecnología Ambiental 7aEducación Ambiental zMéxico 2Lemb2 aCentro de Investigaciones y Estudios Superiores en Antropología Social